| 000 | 00932cam a2200265Mi 4500 | ||
|---|---|---|---|
| 001 | ocn911587533 | ||
| 005 | 20180305113117.0 | ||
| 008 | 180305s2015 xxua f e 001 0 eng d | ||
| 020 | _a9781452244280 | ||
| 020 | _a1452244286 | ||
| 035 | _a(OCoLC)911587533 | ||
| 040 |
_aCo-BoUCM _bspa _cSaul Niño _dSaul Niño |
||
| 041 | 0 | _aspa | |
| 245 | 0 | 4 |
_aThe SAGE encyclopedia of intercultural competence _cedited by Janet M. Bennett |
| 260 |
_aLos Angeles _aLondon _bSAGE _c2015 |
||
| 300 |
_a2 volúmenes _bilustraciones, gráficas |
||
| 490 | 0 | _aSAGE reference | |
| 650 | 7 |
_aComunicación intercultural _911372 _vEnciclopedias |
|
| 650 | 7 |
_aMulticulturalismo _919952 _vEnciclopedias |
|
| 650 | 7 |
_aDesarrollo cultural _912934 |
|
| 650 | 7 |
_aDifusión de la cultura _913264 _vEnciclopedias |
|
| 700 | 1 |
_aBennett, Janet M. _eeditor _991664 |
|
| 942 |
_2DEWEY _a5 _cLIBRO _e1 _h305.8 _mI611c |
||
| 999 |
_c309143 _d309143 |
||